Cultures of intimacy and care beyond' the family: personal life and social change in the early 21st century /

Guardat en:
Dades bibliogràfiques
Autor principal: Roseneil, Sasha
Altres autors: Budgeon, Shelley
Format: Text
Etiquetes: Afegir etiqueta
Sense etiquetes, Sigues el primer a etiquetar aquest registre!

MARC

LEADER 00000 a a2200000 04500
001 4710
003
040
100 |a Roseneil, Sasha  
245 |a Cultures of intimacy and care beyond' the family:   |b personal life and social change in the early 21st century /  |c Sasha Roseneil 
500 |a Resumen también en francés y español en páginas 291-292  
700 |a Budgeon, Shelley  
773 |g volumen 52, número 2; páginas 135-159  
999 |c 39756  |d 39756